| 000 | 00921cam a22002413a 4500 | ||
|---|---|---|---|
| 001 | 1435 | ||
| 003 | PGUSA | ||
| 005 | 20140828083001.0 | ||
| 008 | 980801s1998||||xxu|||||s|||||000 e eng d | ||
| 040 |
_aPGUSA _beng |
||
| 042 | _adc | ||
| 050 | 4 | _aPR | |
| 100 | 1 |
_aDickens, Charles, _d1812-1870 |
|
| 245 | 1 | 0 |
_aMiscellaneous Papers _h[electronic resource] / _cCharles Dickens |
| 260 |
_bProject Gutenberg, _c1998 |
||
| 505 | 0 | _aThe agricultural interest -- Threatening letter to Thomas Hood from an ancient gentleman -- Crime and education -- Capital punishment -- The spirit of chivalry in Westminster Hall -- In memoriam: W. M. Thackeray -- Adelaide Anne Procter -- Chauncey Hare Townshend -- On Mr. Fechter's acting. | |
| 506 | _aPublic domain in the USA. | ||
| 516 | _aElectronic text | ||
| 653 | _aEssays | ||
| 830 | 0 |
_aProject Gutenberg _v1435 |
|
| 856 | 4 | 0 | _uhttp://www.gutenberg.org/ebooks/1435 |
| 942 | _cEB | ||
| 999 |
_c230783 _d230783 |
||